La escultura ibérica / (Record no. 180859)

MARC details
000 -LEADER
campo de control de longitud fija 00859nam a2200265 i 4500
001 - NÚMERO DE CONTROL
campo de control 180859
003 - IDENTIFICADOR DE NÚMERO DE CONTROL
campo de control ES-MaACL
005 - FECHA Y HORA DE LA ÚLTIMA TRANSACCIÓN
campo de control 20250821102029.0
008 - DATOS DE LONGITUD FIJA--INFORMACIÓN GENERAL
campo de control de longitud fija 120723s1991 sp ao |||| | spa d
020 ## - NÚMERO INTERNACIONAL ESTÁNDAR DEL LIBRO
Número Internacional Estándar del Libro 84-7679-199-2
080 ## - NÚMERO DE LA CLASIFICACIÓN DECIMAL UNIVERSAL
Número de la Clasificación Decimal Universal 73.031.3(460)
080 ## - NÚMERO DE LA CLASIFICACIÓN DECIMAL UNIVERSAL
Número de la Clasificación Decimal Universal 904(460):7.031.3
100 1# - ENTRADA PRINCIPAL--NOMBRE DE PERSONA
Nombre de persona Negueruela, Iván.
9 (RLIN) 151125
245 13 - MENCIÓN DEL TÍTULO
Título La escultura ibérica /
Mención de responsabilidad, etc. por Iván Negueruela.
260 ## - PUBLICACIÓN, DISTRIBUCIÓN, ETC.
Lugar de publicación, distribución, etc. Madrid :
Nombre del editor, distribuidor, etc. Historia Viva,
Fecha de publicación, distribución, etc. [1991]
300 ## - DESCRIPCIÓN FÍSICA
Extensión VIII, 31 p. :
Otras características físicas il. col. y n. ;
Dimensiones 24 cm.
490 1# - MENCIÓN DE SERIE
Mención de serie Cuadernos de arte español ;
Designación de volumen o secuencia 57
504 ## - NOTA DE BIBLIOGRAFÍA, ETC.
Nota de bibliografía, etc. Bibliografía: p. 31.
594 ## - Nota al título y mención de responsabilidad
Nota al título y mención de responsabilidad En cub.: Historia 16.
650 07 - PUNTO DE ACCESO ADICIONAL DE MATERIA--TÉRMINO DE MATERIA
Término de materia o nombre geográfico como elemento de entrada Escultura ibérica
Fuente del encabezamiento o término embne
9 (RLIN) 12445
651 #7 - PUNTO DE ACCESO ADICIONAL DE MATERIA--NOMBRE GEOGRÁFICO
Nombre geográfico España-
Subdivisión general Restos arqueológicos ibéricos.
9 (RLIN) 8487
830 00 - PUNTO DE ACCESO ADICIONAL DE SERIE-TÍTULO UNIFORME
Título uniforme Cuadernos de arte español
Designación de volumen o secuencia 57
9 (RLIN) 191338
852 ## - LOCALIZACIÓN
Ubicación ES-MaACL
Número de control de estantería 2314-F-33
Holdings
Estatus retirado Estado de pérdida Estado de daño No para préstamo Colección Biblioteca de origen Biblioteca actual Ubicación en estantería Fecha de adquisición Fuente de adquisición Total de préstamos Signatura topográfica completa Código de barras Visto por última vez Precio de reemplazo Tipo de ítem Koha
        Colección de folletos Biblioteca del Ateneo de Madrid Biblioteca del Ateneo de Madrid Depósito folletos 23/07/2012     2314-F-33 1190047 23/02/2023 23/02/2023 Folleto